ბათუმის შოთა რუსთაველის სახელმწიფო უნივერსიტეტის ბიბლიოთეკა

საქართველოს სასიცოცხლოდ : (ბიბ.ჩანაწერი № 39925)

000 -ლიდერი
ფიქსირებული სიგრძის საკონტროლო ველი 01008nam a2200217Ia 4500
001 - საკონტროლო ნომერი
საკონტროლო ველი 6530
003 - საკონტროლო ნომრის იდენტიფიკატორი
საკონტროლო ველი GE_BSU
005 - ბოლო ოპერაციის თარიღი და დრო
საკონტროლო ველი 20191022114831.0
008 - ფიქსირებული სიგრძის მონაცემთა ელემენტები - ზოგადი ინფორმაცია
ფიქსირებული სიგრძის საკონტროლო ველი 181216s1975||||ge |||||||||||||| ||geo||
040 ## - კატალოგიზაციის წყარო
Transcribing agency GE_BSU
080 ## - უნივერსალური ათობითი კლასიფიკაციის ინდექსი
Universal Decimal Classification number 821.353.1-1 ბ-83
100 ## - მთავარი ჩანაწერი - პიროვნების სახელი
Personal name ბოლქვაძე, ზაურ
9 (RLIN) 4928
245 ## - ცნობა სათაურის შესახებ
Title საქართველოს სასიცოცხლოდ :
Remainder of title ლექსები /
Statement of responsibility, etc ზაურ ბოლქვაძე ; რედ. გრ. ჯულუხიძე ; მხატვ. გ. ღლონტი.
264 ## - წარმოების, გამოცემის, დისტრიბუციის და სხვა ცნობები
გამოცემის, წარმოების, დისტრიბუციის... ადგილი თბილისი :
გამოცემის, წარმოების, დისტრიბუციის... სახელწოდება მერანი ;
გამოცემის, წარმოების, დისტრიბუციის... თარიღი მერანი.
300 ## - ფიზიკური აღწერა
Extent 144 გვ. :
Other physical details ფოტო გარეკანზე ;
Dimensions 14 სმ.
653 ## - INDEX TERM--UNCONTROLLED
Uncontrolled term საქართველოს სასიცოცხლოდ
653 ## - INDEX TERM--UNCONTROLLED
Uncontrolled term ლექსები
700 ## - ADDED ENTRY--PERSONAL NAME
Personal name ჯულუხიძე, გრ.
Relator term რედაქტორი
9 (RLIN) 4382
700 ## - ADDED ENTRY--PERSONAL NAME
Personal name ღლონტი, გ.
Relator term მხატვარი
9 (RLIN) 4929
942 ## - ADDED ENTRY ELEMENTS (KOHA)
Koha item type წიგნი
Source of classification or shelving scheme
ეგზემპლარები
ჩამოწერის სტატუსი დაკარგული ეგზემპლარის სტატუსი კლასიფიკაციის წყარო ან თაროზე გაწყობის სქემა დაზიანების სტატუსი არ გაიცემა მუდმივი მდებარეობა (დაცვის ადგილი) ამჟამინდელი ადგილსამყოფელი თაროზე განთავსების ადგილი შეძენის თარიღი ღირებულება, შესყიდვის ნორმალური ფასი სრული შენახვის შიფრი შტრიხკოდი ბოლო ოპერაციის თარიღი ეგზემპლარის მიმდევრობითი ნომერი (კეტერი?) ფასის ძალაში შესვლის თარიღი ეგზემპლარის სახეობა საჯარო შენიშვნა
          ბათუმის შოთა რუსთაველის სახელმწიფო უნივერსიტეტის მთავარი ბიბლიოთეკა ბათუმის შოთა რუსთაველის სახელმწიფო უნივერსიტეტის მთავარი ბიბლიოთეკა წიგნსაცავი 2018-12-17 1.04 821.353.1-1 ბ-83 14187 2018-12-17 14187 2018-12-17 წიგნი 1.04 ლ.
          ბათუმის შოთა რუსთაველის სახელმწიფო უნივერსიტეტის მთავარი ბიბლიოთეკა ტექნოლოგიური ფაკულტეტის ბიბლიოთეკა წიგნსაცავი 2018-12-17 1.04 821.353.1-1 ბ-83 22194 2018-12-17 22194 2018-12-17 წიგნი აგრარული ტექ.ფაკ.
          ბათუმის შოთა რუსთაველის სახელმწიფო უნივერსიტეტის მთავარი ბიბლიოთეკა ტექნოლოგიური ფაკულტეტის ბიბლიოთეკა წიგნსაცავი 2018-12-17 1.04 821.353.1-1 ბ-83 22195 2018-12-17 22195 2018-12-17 წიგნი აგრარული ტექ.ფაკ.
          ბათუმის შოთა რუსთაველის სახელმწიფო უნივერსიტეტის მთავარი ბიბლიოთეკა ტექნოლოგიური ფაკულტეტის ბიბლიოთეკა წიგნსაცავი 2018-12-17 1.04 821.353.1-1 ბ-83 22196 2018-12-17 22196 2018-12-17 წიგნი აგრარული ტექ.ფაკ.
          ბათუმის შოთა რუსთაველის სახელმწიფო უნივერსიტეტის მთავარი ბიბლიოთეკა ტექნოლოგიური ფაკულტეტის ბიბლიოთეკა წიგნსაცავი 2018-12-17 1.04 821.353.1-1 ბ-83 22197 2018-12-17 22197 2018-12-17 წიგნი აგრარული ტექ.ფაკ.
          ტექნოლოგიური ფაკულტეტის ბიბლიოთეკა ტექნოლოგიური ფაკულტეტის ბიბლიოთეკა წიგნსაცავი 2018-12-17 1.04 821.353.1-1 ბ-83 22198 2018-12-17 22198 2018-12-17 წიგნი აგრარული ტექ.ფაკ.